Realidad y fantasía en la narrativa de Manuel Mújica Lainez 1949-1962

Gespeichert in:
Bibliographische Detailangaben
1. Verfasser: Font, Eduardo (VerfasserIn)
Format: Buch
Sprache:Spanisch
Veröffentlicht: Madrid José Porrúa Turanzas 1976
Schlagworte:
Tags: Tag hinzufügen
Keine Tags, Fügen Sie den ersten Tag hinzu!

MARC

LEADER 00000nam a2200000 a 4500
001 UCT6525
003 CL-VaPUC
005 20220516165335.0
008 970113e19760000SP |||||||||||||||||spa|d
999 |c 255216  |d 255214 
040 |c Pontificia Universidad Católica de Valparaíso 
082 0 4 |a Ar863.9  |b FON  |2 21 
100 0 |a Font, Eduardo  |e author  |9 376734 
245 1 0 |a Realidad y fantasía en la narrativa de Manuel Mújica Lainez 1949-1962 
260 |a Madrid  |b José Porrúa Turanzas  |c 1976 
300 |a 145 p 
583 |a last modification  |c 19970113 00:00:00  |k Rodrigo Vera 
600 |a Mujica Lainez, Manuel,  |d 1910-1984  |9 869288 
650 7 |a NOVELA ARGENTINA  |2 CL-VaPUC  |9 347321 
650 0 |a Historia y crítica   |9 257407 
650 0 |a Géneros literarios   |9 311945 
650 0 |a Literatura argentina  |9 320596 
650 0 |a Narrativa  |9 336727 
650 7 |a TEMATICA  |2 CL-VaPUC  |9 376736 
650 0 |a Biografías  |9 255210 
650 7 |a ESCRITORES ARGENTINOS  |2 CL-VaPUC  |9 376737 
942 |c BK  |2 ddc 
945 |d 19970113 00:00:00  |a nastorga 
952 |0 0  |1 0  |4 0  |6 AR_863_900000000000000_FON_1976  |7 0  |8 A  |9 277353  |a BIBEDU  |b BIBEDU  |d 2019-11-19  |i 3268691  |o Ar863.9 FON 1976  |p 3268691  |r 2019-11-19  |w 2019-11-19  |y BK  |k LIT